00394nam a2200145Ia 4500003000400000008004100004020002400045040000800069082001700077100001900094245007900113260002900192300001500221365001200236LDD181105s9999 xx 000 0 und d a354041598Xc4187.90 cLDD a530.124 C66H aCohen, C. Gary 0aHigher-order numerical methods for transient wave equationscC. Gary Cohen aNew YorkbSpringerc2006 axviii, 348 bE 69.95